Visualizzazione normale
Vista MARC
- Madonna (Ciccone)
di Personal Name
Records bibliografici associati: 1
001 - CONTROL NUMBER
- control field: 28736
003 - CONTROL NUMBER IDENTIFIER
- control field: IT-RoPau
005 - DATE AND TIME OF LATEST TRANSACTION
- control field: 20140610210255.0
008 - FIXED-LENGTH DATA ELEMENTS
- fixed length control field: 140610|| aca||aabn | a|a d
040 ## - CATALOGING SOURCE
- Original cataloging agency: IT-RoPau
- Transcribing agency: IT-RoPau
100 ## - HEADING--PERSONAL NAME
- Personal name: Madonna (Ciccone)
- Relator term: Autore testo e musica
- Miscellaneous information: Codice autore testo/musica SPICS: 13281
670 ## - SOURCE DATA FOUND
- Source citation: Work cat.: (IT-RoPau)101777: Madonna (Ciccone) 19899, Madonna erotica